Catalogo della Biblioteca egittologica del Museo egizio di Torino /

محفوظ في:

مؤلف مشترك: Museo egizio di Torino. Biblioteca egittologica.

مؤلفون آخرون: Orsini, Maria Rosa.

التنسيق: كتاب

اللغة: Italian

الموضوعات:

الوسوم: إضافة وسم

لا توجد وسوم, كن أول من يضع وسما على هذه التسجيلة!

رقم الطلب: Z3658 .A8 C35 v.1

LEADER 00861nam a22002417a 4500
003 OSt
005 20251201102519.0
008 251201t1983 it bc 00100 ita u
020 |a 8820504480 
040 |c ARCE Library 
050 1 4 |a Z3658 .A8   |b C35 v.1 
245 0 0 |a Catalogo della Biblioteca egittologica del Museo egizio di Torino /   |c a cura di Maria Rosa Orsini 
264 |a Milano :   |b Cisalpino-Goliardica,   |c [1983]. 
300 |a xxx, 354 p. ;   |c 24 cm. 
500 |a Includes index. 
610 2 0 |a Museo egizio di Torino. -- Biblioteca -- Catalogs. 
651 0 |a Egypt -- Antiquities -- Bibliography -- Catalogs. 
651 0 |a Egypt -- Civilization -- 332 B.C.-638 A.D. -- Bibliography -- Catalogs. 
700 1 |a Orsini, Maria Rosa.  
710 2 |a Museo egizio di Torino. Biblioteca egittologica. 
901 |a reviewed 
942 |2 lcc  |c BK 
999 |c 49543  |d 49543